| 000 | 00814nam0a22002651 4500 | ||
|---|---|---|---|
| 001 | RU\NLR\INFOCOMM\LIB\10340 | ||
| 005 | 20250617204908.0 | ||
| 035 | _a(NLR Aleph) 004280162 | ||
| 090 |
_a2337242 _c2337241 |
||
| 100 | _a20011204d1981 |||y0rusy50 ca | ||
| 101 | 1 |
_afin _cest |
|
| 102 | _aRU | ||
| 105 | _ay ||||000ay | ||
| 200 | 1 |
_aVierailu eestiläisissä perheissä _fPia Pajur _gsuomentanut Ester Püvi |
|
| 210 |
_aTallinna _cPerioodika _d1981 |
||
| 215 |
_a94с. _d17 см |
||
| 300 | _aВ вып. дан.: В гостях у эстонской семьи/Пия Паюр. | ||
| 700 | 1 |
_aPajur _bP. _gPia _4070 |
|
| 702 | 1 |
_aPüvi _bE. _gEster _4730 |
|
| 801 | 1 |
_aRU _bInfoComm _c20011204 |
|
| 801 | 0 |
_aRU _bNLR _gPSBO _c19880123 |
|
| 852 |
_aNLR _bН _jФин/2-8572 |
||
| 942 | _cBOOK | ||
| 980 | _aNB | ||